Implementácia systému manažérstva BOZP podľa STN OHSAS 18001

Manažérske systémy, ktoré existujú v oblasti bezpečnosti a ochrany zdravia pri práci. Podniky si môžu zaviesť manažérsky systém v oblasti bezpečnosti a ochrany zdravia pri práci podľa normy STN OHSAS 18001.

Gespeichert in:
Bibliographische Detailangaben
1. Verfasser: Moščáková, Anna, 1987-
Format: Buchkapitel
Sprache:Slowakisch
Schlagworte:
Tags: Tag hinzufügen
Keine Tags, Fügen Sie das erste Tag hinzu!

MARC

LEADER 00000nla a2200000 4500
001 0164959
005 20240614074653.7
041 0 |a slo 
044 |a SK 
245 1 0 |a Implementácia systému manažérstva BOZP podľa STN OHSAS 18001  |c Anna Moščáková 
520 |a Manažérske systémy, ktoré existujú v oblasti bezpečnosti a ochrany zdravia pri práci. Podniky si môžu zaviesť manažérsky systém v oblasti bezpečnosti a ochrany zdravia pri práci podľa normy STN OHSAS 18001. 
610 2 0 |a podnik 
610 2 0 |a bezpečnosť práce 
610 2 0 |a ochrana zdravia 
610 2 0 |a nástroje ekonomické 
610 2 0 |a normalizácia technická 
610 2 0 |a systémy integrované manažérske 
100 1 |a Moščáková, Anna, 1987-